[Event "V Floripa Chess Open 2019"]
[Site "Florianopolis/SC"]
[Date "2019.01.27"]
[Round "10.3"]
[White "Molina, Roberto Junio Brito"]
[Black "Supi, Luis Paulo"]
[Result "1/2-1/2"]
[WhiteElo "2458"]
[BlackElo "2546"]
[Annotator "TA"]
[PlyCount "110"]
[EventDate "2019.01.21"]
[EventRounds "10"]
[EventCountry "BRA"]

1. d4 Nf6 2. c4 c5 3. d5 g6 4. Nc3 d6 5. e4 Bg7 6. f4 O-O 7. Nf3 e5 8. fxe5 Ng4 9. Bg5 Qb6 10. Qb3 dxe5 11. h3 Nf6 12. g4 Qd6 13. Be2 a6 14. Nd2 Nbd7 15. O-O-O Ne8 16. h4 h6 17. Be3 Qc7 18. Kb1 Nd6 19. a4 Re8 20. g5 h5 21. Rc1 b6 22. Rhf1 Nf8 23. Qa3 Bh3 24. Rh1 Bd7 25. a5 Rec8 26. axb6 Qxb6 27. Nb3 Nb7 28. Rhd1 Kh7 29. Rd2 a5 30. Na4 Bxa4 31. Qxa4 Nd6 32. Bd3 Rc7 33. Na1 Nd7 34. Nc2 f5 35. gxf6 Nxf6 36. Na3 Bh6 37. Bxh6 Kxh6 38. Nb5 Rb7 39. Qc2 a4 40. Rg2 a3 41. b3 a2+ 42. Ka1 Kh7 43. Qc3 Ng4 44. Rxa2 Rxa2+ 45. Kxa2 Nf2 46. Kb2 Nxb5 47. cxb5 Ra7 48. Ra1 Rxa1 49. Kxa1 c4 50. Bxc4 Nxe4 51. Qxe5 Qa5+ 52. Kb2 Qd2+ 53. Ka3 Qa5+ 54. Kb2 Qd2+ 55. Ka3 Qa5+ 1/2-1/2

[Event "V Floripa Chess Open 2019"]
[Site "Florianopolis/SC"]
[Date "2019.01.27"]
[Round "10.4"]
[White "Rangel, Daniel"]
[Black "Matsuura, Everaldo"]
[Result "1/2-1/2"]
[WhiteElo "2322"]
[BlackElo "2468"]
[PlyCount "43"]
[EventDate "2019.01.21"]
[EventRounds "10"]
[EventCountry "BRA"]

1. d4 d5 2. c4 c6 3. Nf3 e6 4. Nc3 Nf6 5. e3 Nbd7 6. Bd3 dxc4 7. Bxc4 b5 8. Bd3 Bb7 9. O-O a6 10. e4 c5 11. d5 Qc7 12. Qe2 c4 13. Bc2 e5 14. Nd1 Bd6 15. Ne3 g6 16. b3 c3 17. a4 O-O 18. axb5 axb5 19. Rxa8 Rxa8 20. Qxb5 Ba6 21. Qc6 Qxc6 22. dxc6 1/2-1/2

[Event "V Floripa Chess Open 2019"]
[Site "Florianopolis/SC"]
[Date "2019.01.27"]
[Round "10.5"]
[White "Umetsubo, Cesar Hidemitsu"]
[Black "Felgaer, Ruben"]
[Result "1-0"]
[WhiteElo "2407"]
[BlackElo "2567"]
[Annotator "TA"]
[PlyCount "69"]
[EventDate "2019.01.21"]
[EventRounds "10"]
[EventCountry "BRA"]

1. d4 d5 2. Bf4 c5 3. e3 Nc6 4. c3 cxd4 5. exd4 Bf5 6. Qb3 Qd7 7. Nf3 f6 8. Be2 g5 9. Bg3 h5 10. h3 e6 11. Nbd2 Nge7 12. O-O Bh6 13. Qd1 Ng6 14. Nb3 Bf8 15. Re1 h4 16. Bh2 Bd6 17. Bd3 Bxd3 18. Qxd3 Bxh2+ 19. Nxh2 Nf4 20. Qb5 Ne5 21. Qf1 Nc4 22. Ng4 Kf7 23. Ne3 Nxb2 24. Nc5 Qc6 25. Rab1 Na4 26. Nxa4 Qxa4 27. Rxb7+ Kg6 28. Ng4 Rac8 29. Rxe6 Rxc3 30. Rxf6+ Kh5 31. Ra6 Rc1 32. Rxa4 Ne2+ 33. Kh2 Rxf1 34. Ra6 Nxd4 35. Rb8 1-0

[Event "V Floripa Chess Open 2019"]
[Site "Florianopolis/SC"]
[Date "2019.01.27"]
[Round "10.6"]
[White "Rodriguez Vila, Andres"]
[Black "Menna Barreto, Felipe Kubiaki"]
[Result "1-0"]
[WhiteElo "2480"]
[BlackElo "2389"]
[Annotator "TA"]
[PlyCount "123"]
[EventDate "2019.01.21"]
[EventRounds "10"]
[EventCountry "BRA"]

1. e4 c6 2. d4 d5 3. e5 c5 4. dxc5 e6 5. Nf3 Bxc5 6. Bd3 Nc6 7. O-O Nge7 8. Bf4 Ng6 9. Bg3 O-O 10. Nc3 Bb6 11. Re1 Bd7 12. a3 a6 13. b4 Rc8 14. Qd2 Nd4 15. Be2 Nf5 16. Bd3 Nd4 17. Be2 Nf5 18. Nd1 Bb5 19. Bxb5 axb5 20. Qd3 Qd7 21. Kh1 Rc4 22. Nb2 Rc7 23. a4 Rfc8 24. Re2 Rc3 25. Qxb5 Qxb5 26. axb5 Nd4 27. Nxd4 Bxd4 28. Rd1 Rxc2 29. Rxc2 Rxc2 30. Nd3 Ne7 31. h3 h5 32. Bh2 h4 33. g4 hxg3 34. fxg3 Nf5 35. g4 Nh4 36. Ne1 Re2 37. Bg3 Bf2 38. Bxh4 Bxh4 39. Nf3 Be7 40. Rc1 Bxb4 41. Rc8+ Kh7 42. Rb8 Rf2 43. Ng5+ Kg6 44. h4 Bc3 45. Rxb7 Bxe5 46. b6 Rh2+ 47. Kg1 Rxh4 48. Nf3 Rxg4+ 49. Kf1 Bf6 50. Rd7 Rb4 51. b7 e5 52. Ne1 e4 53. Nc2 Rb2 54. Ne3 d4 55. Nc4 Rb1+ 56. Ke2 d3+ 57. Ke3 d2 58. Kxd2 Bg5+ 59. Kc2 Rb5 60. Rd6+ Bf6 61. Nb6 Rb2+ 62. Kc1 1-0

[Event "V Floripa Chess Open 2019"]
[Site "Florianopolis/SC"]
[Date "2019.01.27"]
[Round "10.7"]
[White "Perdomo, Leandro"]
[Black "De Borba, Guilherme"]
[Result "1-0"]
[WhiteElo "2470"]
[BlackElo "2293"]
[Annotator "TA"]
[PlyCount "41"]
[EventDate "2019.01.21"]
[EventRounds "10"]
[EventCountry "BRA"]

1. d4 Nf6 2. c4 e6 3. Nc3 Bb4 4. g3 O-O 5. Bg2 d5 6. Nf3 dxc4 7. O-O Nc6 8. Qa4 Nd5 9. Qc2 Rb8 10. e4 Nxc3 11. bxc3 Be7 12. Rd1 Na5 13. d5 Qe8 14. Bf4 Bd6 15. e5 Bc5 16. Ng5 g6 17. Ne4 Be7 18. d6 f5 19. dxe7 Qxe7 20. Nf6+ Kh8 21. Bh6 1-0

[Event "V Floripa Chess Open 2019"]
[Site "Florianopolis/SC"]
[Date "2019.01.27"]
[Round "10.8"]
[White "De Lima, Alexsandro Barros"]
[Black "Hoffman, Alejandro"]
[Result "0-1"]
[WhiteElo "2168"]
[BlackElo "2454"]
[Annotator "TA"]
[PlyCount "34"]
[EventDate "2019.01.21"]
[EventRounds "10"]
[EventCountry "BRA"]

1. e4 c5 2. Nc3 g6 3. Bc4 Bg7 4. Qf3 e6 5. Nb5 d6 6. Qg3 Ke7 7. d3 a6 8. Nc3 b5 9. Bb3 Nc6 10. Nf3 Nf6 11. e5 dxe5 12. Nxe5 Bb7 13. O-O Nd4 14. Re1 Rc8 15. Ne2 Nxe2+ 16. Rxe2 c4 17. Bxc4 bxc4 0-1

[Event "V Floripa Chess Open 2019"]
[Site "Florianopolis/SC"]
[Date "2019.01.27"]
[Round "10.9"]
[White "Luz, Arthur Nader"]
[Black "Languidey, Simon Alejandro"]
[Result "0-1"]
[WhiteElo "2154"]
[BlackElo "2416"]
[Annotator "TA"]
[PlyCount "200"]
[EventDate "2019.01.21"]
[EventRounds "10"]
[EventCountry "BRA"]

1. d4 e6 2. c4 d5 3. Nc3 Nf6 4. cxd5 exd5 5. Bg5 Be7 6. e3 O-O 7. Bd3 c6 8. Qc2 Nbd7 9. Nge2 h6 10. Bh4 Nh5 11. Bxe7 Qxe7 12. O-O Nb6 13. Ng3 Nxg3 14. hxg3 Be6 15. Na4 Nc8 16. Nc5 Nd6 17. b4 Rfc8 18. Qb3 Rc7 19. Rfc1 Rac8 20. Rc2 Bf5 21. Bxf5 Nxf5 22. Rac1 Nd6 23. a4 a6 24. Nd3 Re8 25. Re1 Qg5 26. Ne5 Rce7 27. Qd3 Re6 28. Qd1 Qf5 29. g4 Qf6 30. f3 Qd8 31. Rce2 Qb6 32. Qd2 Qc7 33. Qc3 Qe7 34. g3 Qd8 35. Kg2 R8e7 36. Nd3 Re8 37. Ne5 Qc7 38. Kf2 Rf6 39. Kg2 Rxf3 40. Kxf3 Ne4 41. Qb2 f6 42. Kg2 fxe5 43. dxe5 Rxe5 44. Rf1 Re6 45. Rf3 Rg6 46. Rf4 h5 47. Ref2 Kh7 48. R2f3 hxg4 49. Rf1 Qd6 50. Rh1+ Kg8 51. Qd4 Qe7 52. Rh4 Nf6 53. Rf5 Qd6 54. Qf4 Qxf4 55. gxf4 Ne4 56. Rh1 Rd6 57. Re5 b6 58. Rc1 Kf7 59. Rh5 c5 60. bxc5 bxc5 61. Rd1 Nf6 62. Re5 c4 63. e4 c3 64. exd5 c2 65. Rc1 Nxd5 66. Rxc2 Nxf4+ 67. Kg3 Ne6 68. Rf2+ Kg6 69. Kxg4 Rd4+ 70. Kg3 Rd6 71. a5 Nd4 72. Rb2 Nb5 73. Rc5 Kf7 74. Kf4 Rd4+ 75. Kg5 Rd6 76. Rb4 Ke7 77. Rbc4 Kd7 78. Rf4 Nd4 79. Rf7+ Ke8 80. Rff5 Nxf5 81. Kxf5 Kd7 82. Kg5 Rc6 83. Rf5 Kd6 84. Kg6 Rc5 85. Rf8 Rxa5 86. Rc8 Rc5 87. Ra8 a5 88. Kxg7 Kd5 89. Kf6 Kc4 90. Ke6 Kb4 91. Kd6 Rh5 92. Rg8 a4 93. Rg4+ Kb5 94. Rg3 Rh4 95. Kd5 Kb4 96. Rg8 a3 97. Rb8+ Kc3 98. Rc8+ Kb3 99. Rb8+ Rb4 100. Ra8 a2 0-1

[Event "V Floripa Chess Open 2019"]
[Site "Florianopolis/SC"]
[Date "2019.01.27"]
[Round "10.10"]
[White "Zampronha, Wladimir Camilo"]
[Black "Quintiliano Pinto, Renato R."]
[Result "1/2-1/2"]
[WhiteElo "2171"]
[BlackElo "2441"]
[Annotator "TA"]
[PlyCount "48"]
[EventDate "2019.01.21"]
[EventRounds "10"]
[EventCountry "BRA"]

1. e4 c5 2. Nf3 d6 3. d4 cxd4 4. Nxd4 Nf6 5. Nc3 a6 6. Bg5 e6 7. f4 h6 8. Bh4 Qb6 9. a3 Be7 10. Bf2 Qc7 11. Bd3 Nbd7 12. Qe2 b5 13. O-O Bb7 14. Rae1 Nc5 15. Kh1 g6 16. Nf3 d5 17. Bxc5 Bxc5 18. f5 d4 19. Nd1 g5 20. Nd2 e5 21. c4 dxc3 22. Nxc3 Rd8 23. Nd5 Nxd5 24. exd5 f6 1/2-1/2

[Event "V Floripa Chess Open 2019"]
[Site "Florianopolis/SC"]
[Date "2019.01.27"]
[Round "10.11"]
[White "Almiron, Antonio"]
[Black "Calcado, Acyr Rogerio"]
[Result "1/2-1/2"]
[WhiteElo "2392"]
[BlackElo "2141"]
[PlyCount "43"]
[EventDate "2019.01.21"]
[EventRounds "10"]
[EventCountry "BRA"]

1. d4 d5 2. c4 c6 3. Nf3 Nf6 4. g3 Bf5 5. Nc3 e6 6. Nh4 Be4 7. f3 Bg6 8. Qb3 Qb6 9. Nxg6 hxg6 10. c5 Qc7 11. e4 Nbd7 12. e5 Ng8 13. f4 Nh6 14. Be3 b6 15. cxb6 axb6 16. Bg2 b5 17. Bf3 Nb6 18. Qc2 Nc4 19. Bf2 Nf5 20. b3 Na3 21. Qd3 c5 22. O-O 1/2-1/2

[Event "V Floripa Chess Open 2019"]
[Site "Florianopolis/SC"]
[Date "2019.01.27"]
[Round "10.12"]
[White "Starke, Bruno Orlando"]
[Black "Souza, Adwilhans Luciano"]
[Result "1-0"]
[WhiteElo "2170"]
[BlackElo "2368"]
[PlyCount "107"]
[EventDate "2019.01.21"]
[EventRounds "10"]
[EventCountry "BRA"]

1. d4 Nf6 2. c4 g6 3. g3 Bg7 4. Bg2 c5 5. Nf3 O-O 6. O-O cxd4 7. Nxd4 Nc6 8. Nc2 d6 9. Nc3 Be6 10. b3 Qd7 11. Bb2 Bh3 12. Ne3 Bxg2 13. Kxg2 Rfd8 14. Qd2 Rab8 15. Rac1 Ne5 16. Rfd1 Neg4 17. Nxg4 Nxg4 18. Nd5 f6 19. Nf4 e6 20. e4 Qe8 21. Qe2 Ne5 22. Rc2 Bf8 23. Rcd2 Kf7 24. h4 Qc6 25. h5 Bh6 26. Ba3 g5 27. Rxd6 gxf4 28. Rxc6 bxc6 29. Rxd8 Rxd8 30. gxf4 Bxf4 31. Qe1 Rg8+ 32. Kf1 Rg1+ 33. Kxg1 Nf3+ 34. Kf1 Nxe1 35. Kxe1 Kg7 36. Bc5 a6 37. Ke2 Be5 38. Be3 f5 39. exf5 exf5 40. Kf3 Kf7 41. Bf4 Bf6 42. Ke3 Ke6 43. Kd3 Be7 44. Bd2 Ke5 45. b4 f4 46. f3 Kf5 47. a4 Kg5 48. b5 cxb5 49. cxb5 axb5 50. axb5 Bd8 51. Ke4 Bc7 52. h6 Bd6 53. b6 Bb8 54. Bc3 1-0

[Event "V Floripa Chess Open 2019"]
[Site "Florianopolis/SC"]
[Date "2019.01.27"]
[Round "10.13"]
[White "Menna Barreto, Luiz Ney"]
[Black "Filgueiras, Nathan Felipe"]
[Result "1-0"]
[WhiteElo "2327"]
[BlackElo "2161"]
[PlyCount "149"]
[EventDate "2019.01.21"]
[EventRounds "10"]
[EventCountry "BRA"]

1. Nf3 Nf6 2. c4 b6 3. g3 Bb7 4. Bg2 e6 5. Nc3 Be7 6. d4 Ne4 7. Bd2 O-O 8. O-O d5 9. cxd5 exd5 10. Rc1 Nd7 11. Bf4 Nxc3 12. Rxc3 c5 13. dxc5 bxc5 14. Qa4 Bf6 15. Rc2 Re8 16. Qb5 Qc8 17. Bh3 Bc6 18. Qa5 c4 19. Rd1 Qb7 20. Nd4 Nb6 21. Nxc6 Qxc6 22. Bg2 Red8 23. Be3 Qe6 24. Bd4 Bxd4 25. Rxd4 Rd7 26. e3 Rad8 27. Rcd2 g6 28. Qb5 Kg7 29. h4 Rd6 30. Bf3 Qd7 31. Qa5 f5 32. b3 cxb3 33. axb3 Kh8 34. Ra2 Nc8 35. Qc5 Rc6 36. Qxd5 Qxd5 37. Rxd5 Rxd5 38. Bxd5 Rc7 39. Be6 Nb6 40. Rd2 Rc6 41. Bc4 Nxc4 42. bxc4 Rxc4 43. Rd8+ Kg7 44. Rd7+ Kf6 45. Rxh7 a5 46. Ra7 Ra4 47. Kg2 Ra2 48. Kf3 a4 49. Ra6+ Kf7 50. Ra5 Kf6 51. Ra6+ Kf7 52. Ra7+ Kf6 53. Ra6+ Kf7 54. e4 fxe4+ 55. Ke3 Kg7 56. g4 Kf7 57. g5 a3 58. Rf6+ Kg7 59. Kxe4 Rb2 60. Kf3 a2 61. Ra6 Rb4 62. Kg3 Rb3+ 63. Kg4 Rb2 64. f4 Rg2+ 65. Kf3 Rb2 66. Ra7+ Kf8 67. f5 gxf5 68. h5 Rh2 69. h6 Kg8 70. Kf4 Rf2+ 71. Ke5 Rb2 72. g6 Rb8 73. Kf6 Rf8+ 74. Kg5 Rc8 75. h7+ 1-0

[Event "V Floripa Chess Open 2019"]
[Site "Florianopolis/SC"]
[Date "2019.01.27"]
[Round "10.14"]
[White "Coro, Lucas"]
[Black "De Carvalho, Christopher"]
[Result "1-0"]
[WhiteElo "2325"]
[BlackElo "2131"]
[PlyCount "91"]
[EventDate "2019.01.21"]
[EventRounds "10"]
[EventCountry "BRA"]

1. e4 e5 2. Nf3 Nc6 3. Bb5 a6 4. Ba4 Nf6 5. O-O Be7 6. Re1 b5 7. Bb3 d6 8. c3 O-O 9. h3 Nb8 10. d4 Nbd7 11. Nbd2 Bb7 12. Bc2 Re8 13. Nf1 Bf8 14. Ng3 g6 15. a4 c5 16. d5 c4 17. Bg5 Nc5 18. Qd2 Be7 19. Ra3 Nfd7 20. Bh6 Nb6 21. a5 Nbd7 22. Nh2 Bh4 23. Rf1 Bc8 24. Ne2 Nb7 25. f4 Nxa5 26. fxe5 Nxe5 27. Qf4 Nb7 28. Nd4 Bd7 29. Nhf3 Bf6 30. Nxe5 dxe5 31. Qxf6 Qxf6 32. Rxf6 exd4 33. cxd4 a5 34. Raf3 Nd8 35. e5 Ra7 36. Kf2 b4 37. Rb6 Rb7 38. Rff6 b3 39. Bb1 a4 40. Bd2 Ra7 41. Ra6 Rb7 42. Rfb6 Bb5 43. Rxb7 Bxa6 44. Rb4 f6 45. Bc3 Bb7 46. Be4 1-0

[Event "V Floripa Chess Open 2019"]
[Site "Florianopolis/SC"]
[Date "2019.01.27"]
[Round "10.15"]
[White "Caldeira, Adriano"]
[Black "Rodrigues, Edgar"]
[Result "0-1"]
[WhiteElo "2157"]
[BlackElo "2312"]
[PlyCount "48"]
[EventDate "2019.01.21"]
[EventRounds "10"]
[EventCountry "BRA"]

1. e4 e6 2. d4 d5 3. Nc3 Nf6 4. e5 Nfd7 5. f4 c5 6. Nf3 Nc6 7. Be3 a6 8. Qd2 b5 9. dxc5 Bxc5 10. Bd3 Qb6 11. Bxc5 Nxc5 12. O-O-O b4 13. Ne2 b3 14. cxb3 Nb4 15. Bb1 a5 16. Nc3 Ba6 17. Qd4 Rc8 18. Bc2 Nxa2+ 19. Kb1 Nb4 20. Na4 Qb5 21. Nc3 Qb7 22. Nd2 Nxc2 23. Kxc2 Bd3+ 24. Kc1 Qxb3 0-1

[Event "V Floripa Chess Open 2019"]
[Site "Florianopolis/SC"]
[Date "2019.01.27"]
[Round "10.16"]
[White "Aranha Filho, Alvaro Z."]
[Black "Osipi, Jair"]
[Result "1/2-1/2"]
[WhiteElo "2294"]
[BlackElo "2126"]
[PlyCount "86"]
[EventDate "2019.01.21"]
[EventRounds "10"]
[EventCountry "BRA"]

1. e4 c5 2. Nf3 d6 3. d4 cxd4 4. Qxd4 e5 5. Qd1 Nf6 6. Bc4 Be7 7. Qe2 h6 8. O-O a6 9. Rd1 Qc7 10. Bb3 Be6 11. Nc3 Nbd7 12. Nh4 Bxb3 13. axb3 g6 14. g3 Rc8 15. Be3 Kf8 16. f3 Kg7 17. Rd2 Qc6 18. Ng2 b5 19. Ne1 Nc5 20. b4 Ncd7 21. Bf2 Ra8 22. Ng2 Rhb8 23. Nd5 Nxd5 24. Rxd5 Rd8 25. Rd3 Nf6 26. c3 d5 27. exd5 Rxd5 28. Rxd5 Qxd5 29. Rd1 Qe6 30. f4 Qg4 31. Qxg4 Nxg4 32. Bc5 Bxc5+ 33. bxc5 exf4 34. Nxf4 g5 35. Nd5 Rd8 36. c6 Nf6 37. c7 Rc8 38. Nxf6 Kxf6 39. Rd6+ Ke5 40. Rxa6 Rxc7 41. Rb6 Rc5 42. Kf2 h5 43. Ke3 f6 1/2-1/2

[Event "V Floripa Chess Open 2019"]
[Site "Florianopolis/SC"]
[Date "2019.01.27"]
[Round "10.17"]
[White "Guimaraes, Diogo Duarte"]
[Black "Carstens Dobuchak, Thiago"]
[Result "1-0"]
[WhiteElo "2278"]
[BlackElo "2121"]
[PlyCount "81"]
[EventDate "2019.01.21"]
[EventRounds "10"]
[EventCountry "BRA"]

1. e4 c5 2. Nf3 d6 3. d4 cxd4 4. Nxd4 Nf6 5. Nc3 a6 6. g3 e5 7. Nde2 Be7 8. Bg2 Be6 9. O-O O-O 10. a4 h6 11. h3 Nbd7 12. a5 b5 13. axb6 Nxb6 14. f4 Qc7 15. b3 Rfd8 16. f5 Bc8 17. Be3 a5 18. Nb5 Qc6 19. c4 a4 20. Nec3 Ba6 21. Nd5 Nbxd5 22. exd5 Qc8 23. Rxa4 Bxb5 24. cxb5 Nd7 25. Qc1 Rxa4 26. bxa4 Qa8 27. Qa3 Qa5 28. Rb1 Rb8 29. Qa2 Bd8 30. Bd2 Qa7+ 31. Kh2 Ba5 32. Bc1 Nc5 33. Qc4 Bb6 34. Ra1 Ra8 35. f6 Qc7 36. Qg4 g6 37. Bxh6 Qd7 38. Qh4 Qf5 39. Bg5 Bd8 40. Rf1 Rxa4 41. Qh6 1-0

[Event "V Floripa Chess Open 2019"]
[Site "Florianopolis/SC"]
[Date "2019.01.27"]
[Round "10.18"]
[White "Villalba, Marcelo"]
[Black "Maia, Jose Eduardo Bastos"]
[Result "1/2-1/2"]
[WhiteElo "2276"]
[BlackElo "2087"]
[PlyCount "37"]
[EventDate "2019.01.21"]
[EventRounds "10"]
[EventCountry "BRA"]

1. e4 d6 2. d4 Nf6 3. Nc3 Nbd7 4. Nf3 e5 5. Bc4 Be7 6. O-O O-O 7. Re1 c6 8. a4 b6 9. d5 c5 10. a5 Rb8 11. Nb5 Ra8 12. Nc3 a6 13. axb6 Nxb6 14. Nd2 Ne8 15. Qe2 Bg5 16. Nb3 Bxc1 17. Rexc1 Nxc4 18. Qxc4 f5 19. exf5 1/2-1/2

[Event "V Floripa Chess Open 2019"]
[Site "Florianopolis/SC"]
[Date "2019.01.27"]
[Round "10.19"]
[White "Frois, Vitor Amorim"]
[Black "Jodorcovsky Werjivker, Paulo"]
[Result "1/2-1/2"]
[WhiteElo "2109"]
[BlackElo "2259"]
[PlyCount "157"]
[EventDate "2019.01.21"]
[EventRounds "10"]
[EventCountry "BRA"]

1. e4 c5 2. Nf3 e6 3. d3 d5 4. Nbd2 Nf6 5. g3 Nc6 6. Bg2 Be7 7. O-O O-O 8. Re1 b5 9. e5 Nd7 10. Nf1 a5 11. h4 Ba6 12. Bf4 b4 13. Ng5 Qe8 14. Qg4 Nd4 15. Ne3 Rc8 16. Rac1 a4 17. c3 bxc3 18. bxc3 Bxg5 19. Qxg5 Nc6 20. Rcd1 h6 21. Qh5 f5 22. Qe2 Nb6 23. Rb1 Rb8 24. Rec1 Qd7 25. Qd1 Rfd8 26. d4 cxd4 27. cxd4 Ne7 28. h5 Nc4 29. g4 Nb2 30. Qf3 Bd3 31. gxf5 Bxf5 32. Qg3 Kh8 33. Ra1 Rf8 34. Kh2 Nd3 35. Rg1 Nxf4 36. Qxf4 Bh7 37. Qg3 Nf5 38. Nxf5 Rxf5 39. Bh3 Rf7 40. Rac1 Rbf8 41. Rg2 Be4 42. Rcg1 Bxg2 43. Rxg2 Re7 44. Qg6 Qe8 45. Bxe6 Qxg6 46. Rxg6 Rxf2+ 47. Kg3 Rd2 48. Bxd5 Rxd4 49. Rd6 Re8 50. Bc6 Rxd6 51. exd6 Rd8 52. d7 Kg8 53. Bxa4 Kf8 54. Bb5 Ke7 55. a4 Rf8 56. Kg4 Rf2 57. Kg3 Rf5 58. Kg4 Rg5+ 59. Kh4 Kd8 60. Bc6 Kc7 61. Bb5 Rd5 62. Kg4 Re5 63. Kh4 Rg5 64. Bc6 Kd8 65. Bb5 Ke7 66. Bc6 Rc5 67. Bb5 Rd5 68. Bc6 Rd4+ 69. Kg3 Kd8 70. Kh3 Rd2 71. Kg4 Ke7 72. Bb5 Kf6 73. Bc6 Rd4+ 74. Kg3 Ke7 75. Kh3 Rc4 76. Bb5 Rd4 77. Bc6 Kd8 78. Kg3 Rd6 79. Kg4 1/2-1/2

[Event "V Floripa Chess Open 2019"]
[Site "Florianopolis/SC"]
[Date "2019.01.27"]
[Round "10.21"]
[White "Fabrega, Enrique"]
[Black "Teixeira, Ricardo Da Silva"]
[Result "1-0"]
[WhiteElo "2125"]
[BlackElo "2228"]
[PlyCount "93"]
[EventDate "2019.01.21"]
[EventRounds "10"]
[EventCountry "BRA"]

1. d4 e6 2. Nf3 f5 3. g3 Nf6 4. c4 Be7 5. Nc3 O-O 6. Bg2 d6 7. O-O Ne4 8. Qb3 Nxc3 9. Qxc3 Nd7 10. Rd1 Qe8 11. Bg5 e5 12. dxe5 dxe5 13. c5 c6 14. b4 e4 15. Bxe7 Qxe7 16. Nd2 Nf6 17. e3 Nd5 18. Qb2 Be6 19. Rac1 a5 20. bxa5 Rxa5 21. Nb3 Ra7 22. Bf1 Rfa8 23. Bc4 Nc7 24. Qe5 Qf7 25. Bxe6 Nxe6 26. Rd6 Ng5 27. Nd4 Rxa2 28. Rf1 Re8 29. Qxf5 Qxf5 30. Nxf5 Rf8 31. Ne7+ Kh8 32. Kg2 Nf3 33. Rd7 Nd2 34. Rd1 Nb3 35. Rxb7 Nxc5 36. Rc7 Rfxf2+ 37. Kh3 Rxh2+ 38. Kg4 h5+ 39. Kf5 Rhf2+ 40. Ke5 Rf6 41. Rd8+ Kh7 42. Rxc6 Re6+ 43. Rxe6 Nxe6 44. Kxe6 Re2 45. Nf5 g6 46. Rd7+ Kh8 47. Kf6 1-0

[Event "V Floripa Chess Open 2019"]
[Site "Florianopolis/SC"]
[Date "2019.01.27"]
[Round "10.22"]
[White "Souza Neves, Andrey M."]
[Black "Proudian, Armen"]
[Result "0-1"]
[WhiteElo "2086"]
[BlackElo "2413"]
[PlyCount "80"]
[EventDate "2019.01.21"]
[EventRounds "10"]
[EventCountry "BRA"]

1. d4 Nf6 2. c4 e6 3. Nc3 Bb4 4. e3 O-O 5. Bd3 d5 6. Nf3 b6 7. O-O Bb7 8. a3 Bd6 9. b4 dxc4 10. Bxc4 Nbd7 11. Bb2 a6 12. Qe2 b5 13. Bb3 Qe7 14. e4 Bf4 15. e5 Nd5 16. Nxd5 Bxd5 17. Bxd5 exd5 18. Bc1 Bxc1 19. Raxc1 Nb6 20. Ne1 Nc4 21. Rc3 a5 22. Nd3 axb4 23. axb4 Ra4 24. Nf4 c6 25. Rg3 Ra3 26. Nd3 Rfa8 27. Qg4 g6 28. f4 Ra1 29. f5 Nd2 30. Rc1 Ne4 31. Rf3 Rxc1+ 32. Nxc1 Ra1 33. Qf4 Qxb4 34. h4 Nd2 35. Rf2 Rxc1+ 36. Kh2 Nf1+ 37. Kg1 Qb1 38. fxg6 Nd2+ 39. Kh2 Rh1+ 40. Kg3 Qxg6+ 0-1

[Event "V Floripa Chess Open 2019"]
[Site "Florianopolis/SC"]
[Date "2019.01.27"]
[Round "10.23"]
[White "Santos Filho, Tadeu Sousa"]
[Black "Belmonte, Diego Mariano"]
[Result "0-1"]
[WhiteElo "2086"]
[BlackElo "2309"]
[PlyCount "164"]
[EventDate "2019.01.21"]
[EventRounds "10"]
[EventCountry "BRA"]

1. e4 e6 2. d4 d5 3. Nd2 c5 4. exd5 Qxd5 5. dxc5 Nf6 6. Ngf3 Qxc5 7. c3 Qc7 8. Bd3 Nbd7 9. Qe2 Be7 10. O-O Nd5 11. g3 O-O 12. a3 Nc5 13. Bc2 b5 14. Ne4 Bb7 15. Nxc5 Qxc5 16. Nd4 a6 17. Be4 Bf6 18. Rd1 Rfd8 19. Bg2 Rac8 20. Nf3 h6 21. Bd2 Rd6 22. Be1 Rcd8 23. Nd2 R6d7 24. a4 Qb6 25. axb5 axb5 26. Bf3 g6 27. Rab1 Bg7 28. c4 Nb4 29. Bxb7 Qxb7 30. cxb5 Nd3 31. Nc4 Qxb5 32. b3 Qf5 33. Bd2 h5 34. h4 Rd4 35. Kg2 Qd5+ 36. Qf3 Qxf3+ 37. Kxf3 Nc5 38. Ke2 Nxb3 39. Rxb3 Rxc4 40. Rc1 Rxc1 41. Bxc1 Rc8 42. Be3 Be5 43. Rb5 Bf6 44. Kd3 Kg7 45. Rb7 Rd8+ 46. Ke4 Rd5 47. Ra7 Bd8 48. Rb7 Bf6 49. Ra7 Rb5 50. Rd7 Rb4+ 51. Kf3 Be5 52. Ke2 Rc4 53. Kd3 Rc7 54. Rd8 Bf6 55. Rb8 Be7 56. Bd4+ f6 57. Rb5 Rd7 58. Ke4 Kf7 59. Be3 e5 60. Kf3 Ke6 61. Ra5 Kf5 62. Rb5 Rd3 63. Ra5 Rb3 64. Rd5 Ba3 65. Ra5 Bc1 66. Rc5 Bb2 67. Ra5 Bd4 68. Rd5 g5 69. hxg5 fxg5 70. g4+ hxg4+ 71. Ke2 Bxe3 72. fxe3 Ke4 73. Ra5 Rxe3+ 74. Kf2 g3+ 75. Kg2 Kf4 76. Ra8 Re2+ 77. Kg1 e4 78. Rf8+ Kg4 79. Rg8 g2 80. Rg7 Kf3 81. Rf7+ Kg3 82. Rf3+ Kxf3 0-1

[Event "V Floripa Chess Open 2019"]
[Site "Florianopolis/SC"]
[Date "2019.01.27"]
[Round "10.24"]
[White "Pereira, Silvio Cunha"]
[Black "Cantero, Rodolfo"]
[Result "1-0"]
[WhiteElo "2258"]
[BlackElo "2055"]
[PlyCount "67"]
[EventDate "2019.01.21"]
[EventRounds "10"]
[EventCountry "BRA"]

1. e4 e5 2. Nf3 Nc6 3. Bb5 a6 4. Ba4 Nf6 5. O-O Be7 6. Qe2 b5 7. Bb3 O-O 8. c3 d5 9. d3 Be6 10. Bg5 Re8 11. Nbd2 h6 12. Bh4 Nh5 13. Bxe7 Rxe7 14. g3 Nf6 15. a4 b4 16. a5 Rb8 17. Rfc1 dxe4 18. dxe4 bxc3 19. Rxc3 Nd4 20. Nxd4 exd4 21. Rd3 Bxb3 22. Nxb3 Rxe4 23. Qd2 Qd5 24. Nxd4 Rbe8 25. Nc2 Qe6 26. Re3 Rxe3 27. Nxe3 Ne4 28. Qe2 Ng5 29. h4 Ne4 30. Ra3 Qe5 31. Nc4 Qb5 32. Re3 Nd6 33. Nxd6 Rxe3 34. Qxb5 1-0

[Event "V Floripa Chess Open 2019"]
[Site "Florianopolis/SC"]
[Date "2019.01.27"]
[Round "10.25"]
[White "Matsuura, Frederico"]
[Black "Ermel, Francisco Roberto"]
[Result "1/2-1/2"]
[WhiteElo "2248"]
[BlackElo "2054"]
[PlyCount "75"]
[EventDate "2019.01.21"]
[EventRounds "10"]
[EventCountry "BRA"]

1. e4 c5 2. Nc3 Nc6 3. g3 g6 4. Bg2 Bg7 5. d3 Rb8 6. a4 a6 7. Be3 b6 8. f4 e6 9. Nf3 Nge7 10. O-O b5 11. axb5 axb5 12. d4 b4 13. Ne2 cxd4 14. Nexd4 O-O 15. Qd3 Na5 16. Rfd1 Nb7 17. Nb5 d5 18. exd5 Nxd5 19. Bd4 Bxd4+ 20. Qxd4 Bd7 21. c4 bxc3 22. Nxc3 Nxc3 23. bxc3 Bc6 24. Ne5 Bxg2 25. Nd7 Bc6 26. Nf6+ Kh8 27. Nd7+ f6 28. Nxb8 Qxd4+ 29. Rxd4 Rxb8 30. Rc4 Bd5 31. Rc7 Nd6 32. Raa7 Ne8 33. Rxh7+ Kg8 34. Rhe7 Kf8 35. Rf7+ Kg8 36. Rfe7 Kf8 37. Rf7+ Kg8 38. Rfe7 1/2-1/2

[Event "V Floripa Chess Open 2019"]
[Site "Florianopolis/SC"]
[Date "2019.01.27"]
[Round "10.26"]
[White "Caetano, Ryan Wesley Da Cost"]
[Black "Gauche, Charles"]
[Result "1-0"]
[WhiteElo "2008"]
[BlackElo "2241"]
[PlyCount "123"]
[EventDate "2019.01.21"]
[EventRounds "10"]
[EventCountry "BRA"]

1. d4 Nf6 2. c4 e6 3. Nc3 d5 4. Bg5 Be7 5. cxd5 exd5 6. e3 O-O 7. Bd3 Nbd7 8. Nge2 Re8 9. Qc2 Nf8 10. O-O g6 11. Rab1 Ne6 12. Bh4 Ng7 13. b4 Bf5 14. Nf4 c6 15. b5 Bxd3 16. Nxd3 Nf5 17. Bxf6 Bxf6 18. bxc6 bxc6 19. Na4 Rc8 20. Nac5 Nd6 21. Nb7 Nxb7 22. Rxb7 Qa5 23. Rfb1 Qa6 24. Nc5 Qa5 25. Qa4 Qxa4 26. Nxa4 a5 27. Kf1 Kg7 28. Ra7 Ra8 29. Rbb7 Rxa7 30. Rxa7 Rb8 31. Rxa5 Be7 32. Nc5 Rb2 33. Ra6 Rc2 34. Nd3 f6 35. Ke1 Kf7 36. Kd1 Rc3 37. Kd2 Rc4 38. a3 Bxa3 39. Rxa3 h5 40. Rc3 Ra4 41. Rxc6 g5 42. Kc3 Ra3+ 43. Kc2 Ra5 44. Nb2 Ra1 45. Nd1 Ke7 46. g3 g4 47. Rc7+ Ke6 48. Rh7 Ra2+ 49. Nb2 Kf5 50. Rxh5+ Ke4 51. h4 Ra1 52. Nd1 Ra2+ 53. Kb3 Ra6 54. Nc3+ Kd3 55. Nxd5 Rd6 56. Nb4+ Ke4 57. Kc4 f5 58. d5 Rf6 59. Kc5 Kf3 60. d6 Kxf2 61. d7 Rf8 62. Kc6 1-0